| 000 | 00356cam a2200145ua 4500 | ||
|---|---|---|---|
| 041 |
_ahin _h |
||
| 082 |
_a891.43 _bLAZ/BE |
||
| 100 | _aLazar, Lagin . | ||
| 245 |
_aBeesvim sadi ka Jinne / _cLazer lagin. _hTextual Documents |
||
| 260 |
_aDelhi : _bRajkamal Prakashan , _c1962. |
||
| 300 | _a167 ; . | ||
| 504 | _a | ||
| 942 | _cBK | ||
| 999 |
_c12233 _d12233 |
||